000 00444nam a2200181Ia 4500
001 14790
005 20260306164940.0
008 260306t1999||||xx |||||||||||||| ||spa||
041 _aESP
082 _a519.2
_bW19
100 _aWalpole, Ronald E.
_eAUT
245 0 _aProbabilidad y estadĂ­stica para ingenieros
260 _c1999
300 _axii, 739 páginas :
_c23 cm.
650 _aGEN
654 _aCMA
942 _cLIB
_dJUS
_fJUS
_2ddc
_n
999 _c14790
_d14790